| 000 | 00624nam a22002177a 4500 | ||
|---|---|---|---|
| 942 | _cBK | ||
| 999 |
_c193 _d193 |
||
| 005 | 20250420134759.0 | ||
| 008 | 191205b ||||| |||| 00| 0 eng d | ||
| 020 | _a9781461349754 | ||
| 040 | _cKCST | ||
| 082 |
_a621.382 _bBa Di |
||
| 100 |
_aBarry, John R. _9739 |
||
| 245 |
_aDigital communication / _cJohn R. Barry, Edward A. Lee, David G. Messerschmitt |
||
| 250 |
_a3 _bvol. I |
||
| 260 |
_aNew York: _bSpringer-Science+Business Media _c2004 |
||
| 300 | _a460 p. | ||
| 650 |
_aDigital communications. _9376 |
||
| 700 |
_aLee, Edward A. _9740 |
||
| 700 |
_aMesserschmitt, David G. _9741 |
||
| 942 | _2ddc | ||